| 000 | 01218nam a22003015a 4500 | ||
|---|---|---|---|
| 003 | OSt | ||
| 005 | 20170409145629.0 | ||
| 008 | 170409s2015 ua frb 000 0 ara d | ||
| 015 | _a2015 / 1612 | ||
| 020 | _a9789770477298 | ||
| 040 |
_aEG-ScBUE _bara _cEG-ScBUE |
||
| 043 |
_af-ua--- _ae-fr--- _ae-enk-- _an-us--- |
||
| 082 | 0 | 4 |
_a345.06 _bح س ي _222 |
| 100 | 1 | _aحسين، عادل عبد البديع آدم. | |
| 245 | 1 | 0 |
_aقاعدة مشروعية الدليل الجنائي : _bدراسة مقارنة / _cعادل عبد البديع آدم حسين. |
| 250 | _aط. 1. | ||
| 260 |
_aالقاهرة : _bدار النهضة العربية، _c2015. |
||
| 300 |
_a902 ص. ؛ _c24 سم. |
||
| 504 | _aيشتمل على إرجاعات ببليوجرافية. | ||
| 650 | 7 |
_aالأدلة الجنائية _zمصر. _2BUEsh |
|
| 650 | 7 |
_aالأدلة الجنائية _zالولايات المتحدة الأمريكية. _2BUEsh |
|
| 650 | 7 |
_aالأدلة الجنائية _zانجلترا. _2BUEsh |
|
| 650 | 7 |
_aالأدلة الجنائية _zفرنسا. _2BUEsh |
|
| 650 | 7 |
_aقانون الإجراءات الجنائية. _2BUEsh _941140 |
|
| 651 | _2BUEsh | ||
| 653 |
_bLLAAWW _cApril2017 |
||
| 942 | _2ddc | ||
| 999 |
_c24631 _d24603 |
||